000 00809cam a22001577a 4500
999 _c513237
_d513237
008 180718b-- xxu||||| |||| 00| 0 eng d
082 _aK12055x54 In2/IAS/2019
245 _aCivil list, Indian Administrative Service
_cby Department of Personnel and Training, Ministry of Personnel, Public Grievances and Pensions
260 _aNew Delhi
_bDepartment of Personnel and Training, Ministry of Personnel, Public Grievances and Pensions
_c2019
300 _a310p
440 _v2vols
_915782
500 _aLibrary has 1950, 1952, 1954, 1956-1959, 1961-1962, 1964-1983, 1985-1986, 1988-2006, 2008-2012, 2013-2016, 2017,2019
650 _aCivil service - Directories - India
_915783
700 _aIndia. Ministry of Personnel, Public Grievances and Pensions. Department of Personnel and Training
_915784
942 _2ddc